Star Trek : (Record no. 587691)

MARC details
000 -LEADER
fixed length control field 00471nam a2200193 a 4500
008 - FIXED-LENGTH DATA ELEMENTS--GENERAL INFORMATION
fixed length control field 250917s2000##################000#0#eng##
020 ## - INTERNATIONAL STANDARD BOOK NUMBER
ISBN 9780333744888
082 04 - DEWEY DECIMAL CLASSIFICATION NUMBER
Classification number 791.4575
Item number GRE
100 1# - MAIN ENTRY--AUTHOR NAME
Personal name Gregory, Chris,
245 10 - TITLE STATEMENT
Title Star Trek :
260 ## - PUBLICATION, DISTRIBUTION, ETC. (IMPRINT)
Name of publisher MacMillan,
Year of publication 2000.
300 ## - PHYSICAL DESCRIPTION
Number of Pages 225 pages
650 #0 - SUBJECT ADDED ENTRY--TOPICAL TERM
Topical Term Star Trek television programs.
942 ## - ADDED ENTRY ELEMENTS (KOHA)
Koha item type English Books
Holdings
Withdrawn status Lost status Damaged status Not for loan Home library Current library Shelving location Date acquired Full call number Accession Number Price effective from Koha item type
        Anna Centenary Library Anna Centenary Library 6TH FLOOR, B WING 17.09.2025 791.4575 GRE 308829 17.09.2025 English Books

Find us on the map